Cultura, sociedad y medio ambiente en el proceso de aprendizaje del niño
Збережено в:
| Співавтор: | |
|---|---|
| Формат: | Книга |
| Мова: | Іспанська |
| Опубліковано: |
Santiago
Instituto Profesional Educares
1986
|
| Предмети: | |
| Теги: |
Додати тег
Немає тегів, Будьте першим, хто поставить тег для цього запису!
|
MARC
| LEADER | 00000nam a2200000 a 4500 | ||
|---|---|---|---|
| 001 | UCQ4029 | ||
| 003 | CL-VaPUC | ||
| 005 | 20211016074500.0 | ||
| 008 | 980829e19860000cl 1 spa d | ||
| 082 | 0 | 4 | |a 370.15 |b INS |2 21 |
| 110 | 2 | |a Instituto Profesional Educares |e author |9 619098 | |
| 245 | 1 | 0 | |a Cultura, sociedad y medio ambiente en el proceso de aprendizaje del niño |
| 260 | |a Santiago |b Instituto Profesional Educares |c 1986 | ||
| 300 | |a 228 p | ||
| 583 | |a last modification |c 19980829 00:00:00 |k Rodrigo Vera | ||
| 650 | 0 | 0 | |a Educación |9 258661 |
| 650 | 0 | 0 | |a Medio ambiente |9 257625 |
| 650 | 0 | 0 | |a Cultura |9 269059 |
| 650 | 0 | 0 | |a Aprendizaje |9 254827 |
| 650 | 0 | 0 | |a Sociedad |9 307903 |
| 650 | 0 | 0 | |a Niños |9 255605 |
| 650 | 0 | 0 | |a Métodos de aprendizaje |9 334464 |
| 942 | |c BK | ||
| 945 | |a aarredon |d 19980829 00:00:00 | ||
| 546 | |a En Español | ||
| 536 | |a Instituto Profesional Educares | ||
| 518 | |p Jornadas Trasandinas Chile, Argentina, Uruguay, I, Santiago, 20 al 22 de Agosto de 1986 | ||
| 999 | |c 383250 |d 383248 | ||
| 952 | |0 0 |1 0 |4 0 |6 370_150000000000000_INS_1986 |7 0 |8 A |9 505312 |a BIBEDU |b BIBEDU |d 2020-01-23 |i 3457605 |o 370.15 INS 1986 |p 3457605 |r 2020-01-23 |w 2020-01-23 |y BK |k BME | ||